| 000 | 00658nam a2200181 i 4500 | ||
|---|---|---|---|
| 001 | 57865 | ||
| 003 | ES-MaACL | ||
| 005 | 20230906163652.0 | ||
| 007 | t| | ||
| 008 | 031020s1924 fr ||||1| fre d | ||
| 100 | 1 |
_aDottin, Paul. _945467 |
|
| 245 | 1 | 0 |
_aDaniel de Foe et ses romans / _cPaul Dottin. |
| 260 |
_aParis : _bPresses Universitaires, _c1924. |
||
| 300 |
_a3 v. ; _c23 cm. |
||
| 505 | 8 | _aContiene: T. I: La vie et les aventures etranges et surprenantes de Daniel de Foe. -- T. II: Robinson Crusoe : etude historique et critique. -- T. III: Les romans secondaires de Daniel Foe | |
| 600 | 0 | 4 |
_aDefoe, Daniel. _943204 |
| 852 |
_aES-MaACL _jA-2966-68 |
||
| 999 |
_c57865 _d57865 |
||